[Event "DEN-ch Landsholdsklassen 2021"]
[Site "Svendborg"]
[Date "2021.10.16"]
[Round "1.1"]
[White "Hansen, Sune Berg"]
[Black "Antonsen, Mikkel"]
[Result "1-0"]
[WhiteElo "2528"]
[BlackElo "2409"]
[Annotator "ChessBase"]
[PlyCount "55"]
[EventDate "2021.10.16"]
[EventType "tourn"]
[EventCountry "DEN"]
[SourceTitle "playchess.com"]
[Source "ChessBase"]
[SourceQuality "1"]
[TimeControl "40/5400+30:1800+30"]

1. Nf3 {[%emt 0:00:32]} Nf6 {[%emt 0:00:54]} 2. g3 {[%emt 0:01:37]} g6 {[%emt 0:00:39]} 3. Bg2 {[%emt 0:00:51]} Bg7 {[%emt 0:00:13]} 4. O-O {[%emt 0:00:51]} O-O {[%emt 0:00:55]} 5. d4 {[%emt 0:00:40]} d5 {[%emt 0:00:10]} 6. c4 {[%emt 0:00:07]} c6 {[%emt 0:05:34]} 7. Qb3 {[%emt 0:00:36]} Qb6 {[%emt 0:00:19]} 8. Nc3 {[%emt 0:00:12]} Rd8 {[%emt 0:00:07]} 9. Bd2 {[%emt 0:00:06]} dxc4 {[%emt 0:02:03]} 10. Qxc4 {[%emt 0:00:12]} Na6 {[%emt 0:01:02]} 11. e4 {[%emt 0:10:20]} Bg4 {[%emt 0:09:07]} 12. Ng5 {[%emt 0:19:55]} e6 {[%emt 0:00:43]} 13. Be3 {[%emt 0:00:23]} h6 {[%emt 0:02:34]} 14. Nf3 {[%emt 0:00:38]} Nd7 {[%emt 0:10:37]} 15. Rfc1 {[%emt 0:12:41]} Qxb2 {[%emt 0:10:32]} 16. Rab1 {[%emt 0:07:18]} Nb6 {[%emt 0:00:18]} 17. Qf1 {[%emt 0:01:12]} Qa3 {[%emt 0:00:08]} 18. Ne5 {[%emt 0:00:48]} Bh5 {[%emt 0:02:04]} 19. f4 {[%emt 0:13:36]} Qe7 {[%emt 0:07:44]} 20. h3 {[%emt 0:05:27]} f5 {[%emt 0:09:46]} 21. a4 {[%emt 0:05:37]} Rab8 {[%emt 0:10:15]} 22. a5 {[%emt 0:01:52]} Nd7 {[%emt 0:00:05]} 23. Rxb7 {[%emt 0:01:36]} Rxb7 {[%emt 0:00:29]} 24. Nxc6 {[%emt 0:00:12]} Qa3 {[%emt 0:08:15]} 25. Nxd8 {[%emt 0:04:55]} Rc7 {[%emt 0:03:15]} 26. Qxa6 {[%emt 0:00:41]} Rxc3 {[%emt 0:00:28]} 27. Qxe6+ {[%emt 0:00:28]} Kh7 {[%emt 0:00:06]} 28. Qxd7 {[%emt 0:01:07]} 1-0

[Event "DEN-ch Landsholdsklassen 2021"]
[Site "Svendborg"]
[Date "2021.10.16"]
[Round "1.2"]
[White "Borge, Nikolaj"]
[Black "Rasmussen, Allan Stig"]
[Result "0-1"]
[WhiteElo "2381"]
[BlackElo "2566"]
[Annotator "TA"]
[PlyCount "48"]
[EventDate "2021.10.16"]
[EventType "tourn"]
[EventCountry "DEN"]
[SourceTitle "playchess.com"]
[Source "ChessBase"]
[SourceQuality "1"]

{[%evp 9,48,8,13,9,15,5,11,0,14,12,5,-1,-9,-10,-1,-4,16,-9,0,0,0,-50,-50,-42,-29,-45,0,-44,-29,-30,-20,-167,-189,-412,-418,-676,-627,-1188,-1020,-1040,-1037]} 1. e4 c6 2. d4 d5 3. e5 Bf5 4. h4 h5 5. Bd3 Bxd3 6. Qxd3 {B12: Caro-Kann: Advance Variation.} Qa5+ 7. Nd2 {White wants to play e6!} e6 8. Ngf3 {The position is equal.} Nh6 9. O-O Nf5 10. c4 {10.Nb3 is more fashionable.} Be7 11. g3 Nd7 {[%cal Bb8d7,Bd7c5,Bc5e4][%mdl 32]} 12. b3 Rd8 {[#]} 13. a4 $146 ({Predecessor:} 13. Qc2 O-O 14. Bb2 Qa6 15. Rfd1 Rc8 16. c5 b6 17. b4 bxc5 18. bxc5 Rb8 19. Nb3 {0-1 (40) Jenni,F (2481)-Melkumyan,H (2905) Chess.com INT 2020}) 13... dxc4 14. Nxc4 Qd5 15. Rd1 {[#]} Nc5 $1 16. Qc3 Ne4 17. Qd3 Nc5 18. Qc3 {[#]} b5 $1 19. axb5 cxb5 {Threatens to win with ...b4!} 20. Rxa7 {[#] This costs White the game.} (20. Ba3 $1 $11 Ne4 21. Qd3) 20... b4 $1 $36 {[%cal Rb4c3][%mdl 2112] Deflection. White is under strong pressure.} 21. Qxb4 (21. Rxe7+ {keeps fighting.} Nxe7 22. Qc2 Qxf3 23. Nd6+ Rxd6 24. exd6 Qxb3 25. Qxb3 Nxb3 26. dxe7) 21... Qxf3 {[%mdl 64] Double Attack} 22. Qb5+ (22. Rxe7+ $142 Nxe7 23. Rf1) 22... Kf8 {Black is clearly winning.} 23. Re1 Nxd4 {( -> ...Ne2+)} 24. Nd2 Nxb5 {Weighted Error Value: White=0.76/Black=0.14} 0-1

[Event "DEN-ch Landsholdsklassen 2021"]
[Site "Svendborg"]
[Date "2021.10.16"]
[Round "1.3"]
[White "Schandorff, Lars"]
[Black "Thybo, Jesper Sondergaard"]
[Result "1-0"]
[WhiteElo "2458"]
[BlackElo "2602"]
[Annotator "TA"]
[PlyCount "155"]
[EventDate "2021.10.16"]
[EventType "tourn"]
[EventCountry "DEN"]
[SourceTitle "playchess.com"]
[Source "ChessBase"]
[SourceQuality "1"]

{[%evp 11,155,-2,0,0,-6,0,21,0,-7,-3,-6,-5,0,0,2,0,0,0,4,-24,-22,-69,-41,-38,-37,-39,-25,-24,0,0,0,0,-18,-14,-6,-36,-15,-9,-7,-20,-16,-20,-18,-31,-4,-12,0,-14,0,-13,0,0,39,43,43,62,74,0,35,41,123,-17,-17,-17,-17,-17,-22,-31,-31,-40,-31,-32,-32,-34,-9,-20,-13,-27,0,-17,-17,-17,-17,-17,-17,-17,-12,-17,-12,-23,0,0,0,-7,0,-15,0,-15,0,0,0,-15,0,0,0,0,0,0,0,0,0,-15,0,0,0,-61,43,43,49,50,258,153,152,152,152,153,1202,1154,998,1104,782,197,1108,784,29967,29967,29968,29969,29969,29969,29970,29968,29966,5122,29970,29968]} 1. d4 Nf6 2. Nf3 e6 3. Bf4 c5 4. e3 Nc6 5. c3 d5 6. Nbd2 Nh5 7. Bg5 {D02: 1 d4 d5 2 Nf3 sidelines, including 2...Nf6 3 g3 and 2...Nf6 3 Bf4.} f6 8. Bh4 cxd4 9. Nxd4 {The position is equal.} g6 10. Bb5 Bd7 11. O-O Be7 12. N4b3 Ng7 {[#]} 13. e4 $146 ({Predecessor:} 13. c4 dxc4 14. Nxc4 Nf5 15. Bg3 Nxg3 16. hxg3 a6 17. Bxc6 Bxc6 18. Qe2 Qd5 19. f3 {1-0 (40) Sedlak,N (2547)-Schwabeneder,F (2407) Bayern 2017}) 13... dxe4 14. Nxe4 {aiming for Nbc5.} Nf5 15. Bg3 Qb6 16. Be2 Rd8 17. Bf4 e5 18. Bd2 O-O 19. Bc4+ Kh8 20. Qe2 Na5 21. Nxa5 Qxa5 22. Rad1 Bc6 23. Bc1 Rxd1 24. Rxd1 Rd8 25. Rxd8+ Qxd8 26. f3 b5 27. Bb3 h5 28. Qd2 Qb6+ 29. Qf2 Qc7 30. Qd2 Qb7 (30... a5 {seems wilder.} 31. Kf1 b4 32. Qd3 a4 33. Be6 Qb6) 31. Ng3 {Nxf5 is the strong threat.} Qb6+ (31... Bc5+ {looks sharper.} 32. Kf1 Ne3+ 33. Ke1 Nd5 34. Qh6+ Qh7) 32. Kf1 {Black must now prevent Nxf5.} Nxg3+ 33. hxg3 {[%cal Rd2h6]} Bf8 34. Qd3 (34. g4 $1 $16) 34... f5 (34... Kg7 {feels hotter.} 35. Be3 Qc7 36. c4 a6 37. c5 Be7) 35. Bg5 Kg7 {[#]} (35... b4 $14) 36. Qe3 (36. g4 $1 $16 {[%cal Rg4f5]}) 36... Qxe3 $11 37. Bxe3 {[%mdl 4096] Endgame KBB-KBB} a5 {[%cal Ba7a5,Ba5a4][%mdl 32]} 38. Bb6 a4 39. Bc2 Kf6 40. Kf2 Bh6 41. b3 Bd2 42. Ba5 g5 43. Ke2 Bc1 44. Bd8+ Kg6 45. Bc7 e4 46. fxe4 fxe4 47. Bb6 Kf5 48. Bd1 Ba3 49. Kf2 g4 50. Be2 Bd6 51. c4 b4 52. Bd4 a3 53. Bd1 Be7 54. Be3 Bf6 55. Bc2 Bc3 56. Bd1 Bd7 57. Bc2 Be6 58. Bd1 Ke5 59. Ke2 Bf7 60. Bf4+ Kf5 61. Be3 Bg6 62. Bc2 Be5 63. Kf2 ({White should play} 63. Bc5 $11 Bxg3 64. Bxb4) 63... h4 (63... Ke6 $15) 64. gxh4 $14 {Strongly threatening Bc5.} g3+ 65. Kf1 {And now Bc5 would win.} Kg4 $2 ({Better is} 65... Bh5 $1 $14) 66. Bg5 (66. Bc5 $18) 66... Bd6 $16 67. Bd1+ Kf5 68. Be3 Bf4 $2 {Loses the game.} (68... Bf7 $16 69. h5 Be8) 69. Bxf4 $18 Kxf4 {[#] KB-KB} 70. h5 $1 {[%cal Rh5g6]} Bf5 71. h6 $2 (71. Ke2 {Hoping for c5.} Bg4+ 72. Kd2) 71... e3 $2 (71... Kg5) 72. c5 Ke5 73. c6 Kd6 74. Ke2 Kxc6 75. Kxe3 Kd6 76. Kf4 Bh7 77. Bf3 Kc5 78. Ke5 {Weighted Error Value: White=0.12/Black=0.10} 1-0

[Event "DEN-ch Landsholdsklassen 2021"]
[Site "Svendborg"]
[Date "2021.10.16"]
[Round "1.4"]
[White "Fries-Nielsen, Jens Ove"]
[Black "Chatalbashev, Boris"]
[Result "1-0"]
[WhiteElo "2378"]
[BlackElo "2536"]
[Annotator "ChessBase"]
[PlyCount "87"]
[EventDate "2021.10.16"]
[EventType "tourn"]
[EventCountry "DEN"]
[SourceTitle "playchess.com"]
[Source "ChessBase"]
[SourceQuality "1"]
[TimeControl "40/5400+30:1800+30"]

1. e4 {[%emt 0:05:34]} c5 {[%emt 0:00:11]} 2. f4 {[%emt 0:02:19]} Nc6 {[%emt 0:00:41]} 3. Nf3 {[%emt 0:01:04]} d5 {[%emt 0:01:42]} 4. exd5 {[%emt 0:08:11]} Qxd5 {[%emt 0:00:06]} 5. Nc3 {[%emt 0:00:13]} Qd6 {[%emt 0:00:54]} 6. d3 {[%emt 0:17:40]} Bg4 {[%emt 0:06:43]} 7. Be2 {[%emt 0:03:37]} Nf6 {[%emt 0:11:26]} 8. O-O {[%emt 0:14:34]} Rd8 {[%emt 0:04:58]} 9. Nd2 {[%emt 0:12:01]} Bxe2 {[%emt 0:01:19]} 10. Qxe2 {[%emt 0:00:18]} Nd4 {[%emt 0:01:13]} 11. Qd1 {[%emt 0:00:33]} e6 {[%emt 0:00:41]} 12. Nce4 {[%emt 0:05:20]} Nxe4 {[%emt 0:11:16]} 13. dxe4 {[%emt 0:01:32]} Qa6 {[%emt 0:01:04]} 14. c4 {[%emt 0:01:25]} Be7 {[%emt 0:03:27]} 15. b3 {[%emt 0:01:29]} O-O {[%emt 0:06:56]} 16. Bb2 {[%emt 0:01:55]} Qc6 {[%emt 0:04:07]} 17. Re1 {[%emt 0:03:02]} f5 {[%emt 0:18:12]} 18. Nf3 {[%emt 0:06:16]} fxe4 {[%emt 0:09:08]} 19. Ne5 {[%emt 0:00:24]} Qc7 {[%emt 0:01:36]} 20. Rxe4 {[%emt 0:01:30]} Bd6 {[%emt 0:03:17]} 21. Bxd4 {[%emt 0:01:23]} cxd4 {[%emt 0:01:32]} 22. Qd3 {[%emt 0:00:40]} Rf5 {[%emt 0:01:20]} 23. Rae1 {[%emt 0:00:50]} Rdf8 {[%emt 0:02:50]} 24. g3 {[%emt 0:00:08]} g5 {[%emt 0:00:15]} 25. Ng4 {[%emt 0:00:43]} Bb4 {[%emt 0:03:31]} 26. R1e2 {[%emt 0:02:31]} Kh8 {[%emt 0:00:51]} 27. Qxd4+ {[%emt 0:02:16]} Qg7 {[%emt 0:01:05]} 28. Qxg7+ {[%emt 0:00:51]} Kxg7 {[%emt 0:00:02]} 29. fxg5 {[%emt 0:01:40]} Rxg5 {[%emt 0:00:01]} 30. Kg2 {[%emt 0:00:11]} Bc3 {[%emt 0:01:56]} 31. Nf2 {[%emt 0:01:17]} e5 {[%emt 0:00:15]} 32. Nd3 {[%emt 0:00:23]} Re8 {[%emt 0:00:36]} 33. Nf4 {[%emt 0:01:03]} Kf7 {[%emt 0:00:35]} 34. Nd5 {[%emt 0:01:10]} Bd4 {[%emt 0:00:01]} 35. h4 {[%emt 0:01:31]} Rg6 {[%emt 0:00:12]} 36. g4 {[%emt 0:00:21]} a6 {[%emt 0:01:03]} 37. Re1 {[%emt 0:00:09]} Rd6 {[%emt 0:00:53]} 38. g5 {[%emt 0:00:28]} h6 {[%emt 0:00:59]} 39. Rf1+ {[%emt 0:01:42]} Kg7 {[%emt 0:00:06]} 40. Nf6 {[%emt 0:01:12]} Rh8 {[%emt 0:01:18]} 41. gxh6+ {[%emt 0:04:33]} Kxh6 {[%emt 0:00:20]} 42. Rg4 {[%emt 0:00:11]} e4 {[%emt 0:04:29]} 43. Nxe4 {[%emt 0:07:38]} Rg6 {[%emt 0:00:06]} 44. Ng5 {[%emt 0:00:34]} 1-0

[Event "DEN-ch Landsholdsklassen 2021"]
[Site "Svendborg"]
[Date "2021.10.16"]
[Round "1.5"]
[White "Rewitz, Poul"]
[Black "Haubro, Martin"]
[Result "0-1"]
[WhiteElo "2264"]
[BlackElo "2426"]
[Annotator "NA"]
[PlyCount "108"]
[EventDate "2021.10.16"]
[EventType "tourn"]
[EventCountry "DEN"]
[SourceTitle "playchess.com"]
[Source "ChessBase"]
[SourceQuality "1"]
[TimeControl "40/5400+30:1800+30"]

1. g3 {[%emt 0:00:21]} d5 {[%emt 0:00:34]} 2. Nf3 {[%emt 0:01:07]} Nf6 {[%emt 0:10:01]} 3. Bg2 {[%emt 0:00:22]} c6 {[%emt 0:00:04]} 4. O-O {[%emt 0:00:44]} Bg4 {[%emt 0:00:28]} 5. d3 {[%emt 0:06:20]} Nbd7 {[%emt 0:00:51]} 6. c4 {[%emt 0:01:46]} e6 {[%emt 0:04:53]} 7. Nbd2 {[%emt 0:05:52]} Be7 {[%emt 0:10:42]} 8. b3 {[%emt 0:01:19]} O-O {[%emt 0:02:46]} 9. Bb2 {[%emt 0:00:36]} a5 {[%emt 0:01:00]} 10. a3 {[%emt 0:00:43]} b5 {[%emt 0:01:21]} 11. cxb5 {[%emt 0:14:28]} cxb5 {[%emt 0:00:05]} 12. Rc1 {[%emt 0:00:23]} Qb6 {[%emt 0:05:22]} 13. Qc2 {[%emt 0:02:02]} Bc5 {[%emt 0:13:27]} 14. d4 {[%emt 0:12:57]} Bd6 {[%emt 0:00:05]} 15. Qc6 {[%emt 0:00:32]} Qb8 {[%emt 0:10:52]} 16. e4 {[%emt 0:03:21]} dxe4 {[%emt 0:02:32]} 17. Nxe4 {[%emt 0:02:24]} Nxe4 {[%emt 0:00:07]} 18. Qxe4 {[%emt 0:02:09]} Nf6 {[%emt 0:02:05]} 19. Qc6 {[%emt 0:06:45]} Rc8 {[%emt 0:10:21]} 20. Qxc8+ {[%emt 0:00:29]} Qxc8 {[%emt 0:00:04]} 21. Rxc8+ {[%emt 0:00:09]} Rxc8 {[%emt 0:00:01]} 22. Rc1 {[%emt 0:03:01]} Rxc1+ {[%emt 0:00:11]} 23. Bxc1 {[%emt 0:00:07]} Nd5 {[%emt 0:00:23]} 24. Nd2 {[%emt 0:03:17]} Bd1 {[%emt 0:12:56]} 25. Kf1 {[%emt 0:05:41]} Nc3 {[%emt 0:02:41]} 26. Ke1 {[%emt 0:01:04]} Bc2 {[%emt 0:00:03]} 27. Bc6 {[%emt 0:03:33]} Be7 $17 {[%emt 0:04:37]} 28. f3 {[%emt 0:05:39]} Bf6 {[%emt 0:00:43]} 29. Ne4 {[%emt 0:09:47]} Nxe4 {[%emt 0:01:35]} 30. fxe4 {[%emt 0:00:19]} Bxd4 {[%emt 0:00:03]} 31. Bxb5 {[%emt 0:03:39]} Bxb3 {[%emt 0:01:08]} 32. a4 {[%emt 0:01:18]} Bg1 {[%emt 0:02:26]} 33. Bd2 {[%emt 0:00:40]} Bb6 {[%emt 0:00:10]} 34. Ke2 {[%emt 0:00:22]} Kf8 {[%emt 0:00:06]} 35. Kd3 {[%emt 0:02:00]} Ke7 {[%emt 0:00:04]} 36. Bc3 {[%emt 0:00:27]} f6 {[%emt 0:00:21]} 37. Be1 {[%emt 0:01:41]} Kd6 {[%emt 0:00:39]} 38. Bd2 {[%emt 0:00:11]} Ba2 {[%emt 0:01:27]} 39. Kc2 {[%emt 0:01:31]} e5 {[%emt 0:00:39]} 40. Be1 {[%emt 0:00:29]} Be6 {[%emt 0:00:11]} 41. h4 {[%emt 0:06:48]} Bg4 {[%emt 0:02:44]} 42. Kd3 {[%emt 0:01:28]} g6 {[%emt 0:03:13]} 43. Be8 {[%emt 0:02:10]} Bd1 {[%emt 0:01:01]} 44. Kd2 {[%emt 0:01:21]} Bf3 {[%emt 0:00:07]} 45. Kd3 {[%emt 0:00:38]} f5 {[%emt 0:01:52]} 46. exf5 {[%emt 0:00:18]} gxf5 {[%emt 0:00:03]} 47. Kc2 {[%emt 0:06:27]} Bg2 {[%emt 0:10:39]} 48. Bd2 {[%emt 0:06:06]} Bc6 {[%emt 0:01:33]} 49. Bxc6 {[%emt 0:00:57]} Kxc6 {[%emt 0:00:02]} 50. Kd3 {[%emt 0:04:08]} Kd5 {[%emt 0:00:35]} 51. Be1 {[%emt 0:00:46]} h5 {[%emt 0:00:26]} 52. Bc3 {[%emt 0:01:38]} e4+ {[%emt 0:01:33]} 53. Kc2 {[%emt 0:00:45]} Bc7 {[%emt 0:00:06]} 54. Be1 {[%emt 0:00:18]} Kc4 {[%emt 0:00:03]} 0-1

[Event "DEN-ch Landsholdsklassen 2021"]
[Site "Svendborg"]
[Date "2021.10.17"]
[Round "2.1"]
[White "Rasmussen, Allan Stig"]
[Black "Fries-Nielsen, Jens Ove"]
[Result "1-0"]
[WhiteElo "2566"]
[BlackElo "2378"]
[Annotator "TA"]
[PlyCount "57"]
[EventDate "2021.10.16"]
[EventType "tourn"]
[EventCountry "DEN"]
[SourceTitle "playchess.com"]
[Source "ChessBase"]
[SourceQuality "1"]

{[%evp 9,57,48,41,26,41,16,62,53,57,64,94,86,108,93,108,64,83,85,199,150,148,165,151,148,133,131,149,148,160,145,146,127,215,227,222,222,220,212,308,310,310,297,303,291,306,275,341,339,338,308]} 1. e4 g6 2. d4 Bg7 3. Nf3 Nc6 4. d5 Ne5 5. Nxe5 Bxe5 {[#]} 6. h4 $146 {B06: Modern Defence.} ({Predecessor:} 6. Bd3 d6 7. O-O c6 8. c4 Bg7 9. Nc3 Nf6 10. Bg5 h6 11. Bf4 g5 12. Bg3 Ng4 13. h3 Ne5 {½-½ (13) Skytte,R (2385)-Fries Nielsen,J (2370) Odense 2018}) 6... d6 7. Nd2 c6 8. Nc4 {White is slightly better.} Bg7 9. h5 Nf6 10. h6 Bf8 11. Qf3 Bg4 12. Qb3 Nxe4 13. f3 $36 {[%mdl 2048] White is on the roll.} cxd5 (13... Ng3 $16) 14. Ne3 Qa5+ 15. c3 Nc5 16. Qd1 Be6 17. b4 {[%mdl 64] Double Attack} Qa4 {Threatening ...Qxd1+.} 18. bxc5 Qxd1+ 19. Kxd1 dxc5 20. Ba3 Rc8 (20... c4 $16) 21. Bb5+ $18 Kd8 22. Ke1 a6 23. Be2 d4 {[#]} (23... Ke8 $142 24. Rd1 d4) 24. cxd4 $1 {White has a decisive advantage.} ({Less strong is} 24. Rd1 Bxa2 25. cxd4 Bb3 $16) 24... cxd4 {[#]} 25. Bb2 $1 f6 26. Bxd4 Ke8 27. a4 Kf7 28. Rb1 Rc7 29. g4 {Weighted Error Value: White=0.08/Black=0.25} 1-0

[Event "DEN-ch Landsholdsklassen 2021"]
[Site "Svendborg"]
[Date "2021.10.17"]
[Round "2.2"]
[White "Hansen, Sune Berg"]
[Black "Borge, Nikolaj"]
[Result "1/2-1/2"]
[WhiteElo "2528"]
[BlackElo "2381"]
[Annotator "TA"]
[PlyCount "122"]
[EventDate "2021.10.16"]
[EventType "tourn"]
[EventCountry "DEN"]
[SourceTitle "playchess.com"]
[Source "ChessBase"]
[SourceQuality "1"]

{[%evp 9,122,3,17,18,25,25,19,24,35,0,27,29,22,22,16,17,26,24,32,2,14,7,9,0,0,0,0,0,0,0,0,0,0,0,0,0,0,0,0,0,26,26,25,29,24,9,25,19,62,66,74,64,66,53,60,43,77,83,87,99,93,61,104,72,77,61,54,54,72,47,77,77,75,0,31,29,29,29,37,29,30,32,31,38,42,31,14,8,20,20,20,20,14,14,93,41,46,39,77,13,13,8,8,13,21,0,0,0,0,0,0,0,0,0,0]} 1. d4 d5 2. Nf3 Nf6 3. c4 dxc4 4. Qa4+ Nbd7 5. Nc3 a6 6. e4 {D23: Queen's Gambit Accepted: 3 Nf3 Nf6 sidelines.} b5 7. Nxb5 {[%mdl 64] [#] Pin} Bb7 8. Nc3 {And now e5 would win.} Nxe4 9. Bxc4 Nxc3 {[#]} (9... e6 {feels hotter.} 10. Ne5 Nef6 11. Bg5 Bd6 12. O-O O-O) 10. Qb3 $146 {[%csl Gb3][%cal Rc4f7]} ({Predecessor:} 10. bxc3 Bxf3 11. gxf3 e6 12. Rg1 g6 13. Rb1 Bd6 14. Bg5 Be7 15. Bh6 Bf8 16. Be3 {½-½ (30) Belov,I (2443)-Eliseev,U (2264) Moscow 2009}) 10... Bd5 11. Qxc3 Bxc4 12. Qxc4 e6 13. O-O Nb6 {[%cal Bd7b6,Bb6d5,Bd5b4][%mdl 32]} 14. Qc2 Be7 15. Bf4 Bd6 16. Be5 O-O 17. Rac1 Nd5 18. Qe4 Rb8 19. b3 Nb4 20. Qe2 a5 21. Rc4 Nd5 22. Rfc1 Ra8 23. Qe4 Qe7 24. Qg4 {[%csl Ge5][%cal Rg4g7]} f5 25. Qg3 Ra7 26. h4 h6 27. Re1 Bb4 28. Re2 Nc3 29. Rc2 Ne4 30. Qg6 {[%cal Rc4c7]} Bd6 31. Bxd6 cxd6 32. Rc8 (32. d5 $5) 32... Nf6 33. d5 exd5 34. Rxf8+ Qxf8 35. Qxf5 {Hoping for Rc8.} Ra8 36. Rc7 Qe8 37. g3 Qe4 38. Qxe4 dxe4 $14 {[%mdl 4096] Endgame KRN-KRN} 39. Nd4 a4 40. b4 Nd5 {[#]} 41. Rb7 (41. Rc4 $1 $16) 41... Nc3 (41... Rc8 {keeps more tension.} 42. a3 Rc3 43. Nb5 Rc1+ 44. Kg2 Rc2) 42. a3 {Threatens to win with b5.} Nb1 $1 43. Nb5 Rd8 44. Ra7 d5 45. Nd4 (45. Rxa4 d4 $17) 45... Nxa3 46. Rxa4 Nc4 47. Ra7 Rb8 48. Nf5 Rxb4 49. Rxg7+ Kf8 50. Rd7 Rb1+ 51. Kg2 Rd1 (51... Rb5 $11 {keeps the balance.}) 52. h5 (52. Nxh6 $16 {Ng4 is the strong threat.} Ne5 53. Rd6) 52... Rd2 53. Kf1 (53. Nxh6 Ke8 $17) 53... Ne5 54. Rd6 ({White should play} 54. Rd8+ $16 Kf7 55. Rd6 (55. Nxh6+ Kf6 $14)) 54... Ng4 $11 {The position is equal.} 55. Nxh6 Nxf2 ({Not} 55... Rxf2+ $2 56. Ke1 $18) 56. Rf6+ Kg7 57. Rxf2 (57. Rg6+ {is more complex.} Kf8 58. Nf5 Nd3 59. Rf6+ Kg8 60. Ne7+) 57... Rxf2+ 58. Kxf2 {aiming for Nf5+.} Kxh6 59. g4 d4 60. Ke1 Kg5 (60... e3 $5) 61. Ke2 Kh6 {Weighted Error Value: White=0.09/Black=0.09} ({Inferior is} 61... Kxg4 62. h6 d3+ 63. Ke3 d2 64. Kxd2 Kf3 65. h7 e3+ 66. Ke1) 1/2-1/2

[Event "DEN-ch Landsholdsklassen 2021"]
[Site "Svendborg"]
[Date "2021.10.17"]
[Round "2.3"]
[White "Chatalbashev, Boris"]
[Black "Schandorff, Lars"]
[Result "0-1"]
[WhiteElo "2536"]
[BlackElo "2458"]
[Annotator "TA"]
[PlyCount "102"]
[EventDate "2021.10.16"]
[EventType "tourn"]
[EventCountry "DEN"]
[SourceTitle "playchess.com"]
[Source "ChessBase"]
[SourceQuality "1"]

{[%evp 15,102,-11,-21,-42,-39,-47,-33,-45,-42,-43,-42,-50,-49,-66,-58,-104,-92,-145,-130,-149,-149,-146,-147,-136,-122,-121,-125,-143,-126,-201,-210,-211,-200,-196,-190,-210,-212,-222,-214,-280,-268,-379,-377,-421,-196,-203,-203,-215,-207,-179,-182,-231,-245,-280,-270,-247,-254,-250,-246,-285,-266,-337,-346,-315,-308,-377,-370,-372,-367,-389,-290,-558,-537,-582,-584,-527,-513,-712,-693,-2016,-1990,-1946,-1880,-1566,-1514,-1149,-1610,-12842,-10969]} 1. d4 Nf6 2. c4 e6 3. Nc3 Bb4 4. Nf3 d5 5. g3 O-O 6. Bg2 dxc4 7. O-O Nc6 8. a3 Be7 9. e4 {E20: Nimzo-Indian: 4 g3 and 4 f3.} a6 10. Be3 b5 11. Qe2 {Black is slightly better.} Bb7 12. Rad1 Na5 13. d5 exd5 {[#]} 14. Nh4 $146 ({Predecessor:} 14. exd5 Bc8 15. Nd4 Bg4 16. Bf3 Bh3 17. Rfe1 Re8 18. a4 Rb8 19. axb5 axb5 20. Ra1 {½-½ (29) Biedermann,T (2485)-Banet,J (2509) ICCF email 2019}) 14... Bd6 15. Nf5 {Black continues to play with concentration.} Re8 ({But not} 15... dxe4 16. Bb6 $11) 16. exd5 {[#]} (16. f4 $142) 16... Bc8 $1 $36 {[%cal Rc8f5][%mdl 2048] Black is in control.} 17. Nd4 Bg4 18. f3 Bd7 19. Qf2 h6 20. Rfe1 Re7 21. g4 Qf8 22. g5 (22. h4 $17) 22... hxg5 $19 23. Bxg5 {[#]} Rxe1+ $1 24. Rxe1 Nh7 25. Be3 Nb7 {[%cal Ba5b7,Bb7c5,Bc5d3][%mdl 32]} 26. Ne4 Nc5 27. Qh4 Nd3 28. Rb1 (28. Re2 {was necessary.}) 28... Re8 29. Bh3 Qe7 (29... f5 $142 {...Re5 is the strong threat.} 30. a4 Be5) 30. Qxe7 Rxe7 31. Bxd7 Rxd7 32. b3 cxb3 33. Rxb3 Nc5 34. Rc3 Nxe4 35. fxe4 Nf6 36. Rc6 Nxe4 37. Rxa6 Bc5 38. Ra5 Bxd4 ({Don't do} 38... Rxd5 39. Nc2 $19) 39. Bxd4 Rxd5 {[%mdl 4096] Endgame KRB-KRN} 40. Be3 Rd3 41. Bf4 c5 42. Rxb5 Rxa3 43. Kg2 $2 (43. Rb8+ Kh7 44. Rb7) 43... g5 {Black is clearly winning.} 44. Bc1 Rc3 45. Bb2 Rd3 46. Kf1 f5 47. Rb7 f4 {( -> ...f3)} 48. Re7 Rf3+ 49. Kg1 Re3 50. Bc1 Re2 51. Kf1 {[#]} Ng3+ $1 {[%mdl 576] Discovered Attack.  Weighted Error Value: White=0.48/Black=0.09} 0-1

[Event "DEN-ch Landsholdsklassen 2021"]
[Site "Svendborg"]
[Date "2021.10.17"]
[Round "2.4"]
[White "Thybo, Jesper Sondergaard"]
[Black "Rewitz, Poul"]
[Result "1-0"]
[WhiteElo "2602"]
[BlackElo "2264"]
[Annotator "TA"]
[PlyCount "63"]
[EventDate "2021.10.16"]
[EventType "tourn"]
[EventCountry "DEN"]
[SourceTitle "playchess.com"]
[Source "ChessBase"]
[SourceQuality "1"]

{[%evp 15,62,39,48,45,43,37,57,58,65,62,70,70,64,60,93,100,158,159,204,195,196,187,192,192,201,200,190,216,198,206,292,321,304,289,314,302,406,405,565,556,671,670,669,683,2451,2241,1966,1944,29999]} 1. d4 f5 2. g3 Nf6 3. Bg2 g6 4. Nf3 Bg7 5. O-O O-O 6. c4 d6 7. Nc3 c6 8. Rb1 a5 9. Qb3 {A88: Dutch Defence: Leningrad System: 5 Nf3 0-0 6 0-0 d6 7 Nc3 c6.} Kh8 10. Na4 {is the legacy move (10.Rd1).} Ra7 11. Rd1 {[#] White is slightly better.} Ne4 $146 ({Predecessor:} 11... Na6 12. Qb6 Qxb6 13. Nxb6 Nc7 14. Nxc8 Rxc8 15. Be3 Kg8 16. h3 Ne4 17. Rbc1 a4 {½-½ (41) Holt,C (2551)-Stremavicius,T (2473) Dallas 2016}) 12. d5 cxd5 13. cxd5 b5 14. Qxb5 Rb7 {[#] White now steadily converts the win.} 15. Qd3 Rb4 ({Black should try} 15... Bd7 16. Nc3 Nxc3 17. bxc3 Rxb1 18. Qxb1 Na6) 16. b3 $16 Ba6 17. Qe3 Nd7 18. Nd4 Rxd4 19. Rxd4 Bxd4 20. Qxd4+ Nef6 21. Qd2 Qa8 22. Bb2 Rc8 (22... Kg8 {was called for.} 23. Qxa5 Bb7 24. Qxa8 Rxa8) 23. Qe3 $18 ({Resist} 23. Qxa5 Bb7 $18) 23... Re8 24. h3 Kg8 25. g4 f4 26. Qxf4 Bxe2 27. Re1 Bb5 28. g5 Nh5 29. Qd4 {Threatens to win with Qh8+.} Nf8 30. Bf3 {Threatening mate with Bxh5.} e5 31. dxe6 $1 {[%csl Gb2][%cal Rd4h8][%mdl 64] [#] Discovered Attack} Qxf3 32. Qh8# {Weighted Error Value: White=0.00/Black=0.54} 1-0